000 00361 a2200169 4500
001 189905
020 _a978-85-260-1774-0
040 _cMagnum
100 _aLessa, Origenes
240 1 0 _aA torre de Babel
_lpor
245 1 0 _aA torre de Babel
300 _a24
362 0 _a2012
440 1 _aGlobal
697 _aLITERATURA INFANTO-JUVENIL
942 _cBK
999 _c189905
_d189905